| 000 | 00547nam a2200169 i 4500 | ||
|---|---|---|---|
| 001 | 49130 | ||
| 003 | ES-MaACL | ||
| 005 | 20230906161906.0 | ||
| 007 | t| | ||
| 008 | 030708s1969 sp ||||1| spa d | ||
| 100 | 1 |
_aCorrell, Werner. _940782 |
|
| 245 | 1 | 3 |
_aEl aprender _b: fundamentos psicológicos y problemáticos / _cWerner Correll ; [versión de Alejandro Esteban Lator Ros]. |
| 260 |
_aBarcelona : _bHerder, _c1969. |
||
| 300 |
_a310 p. ; _c22 cm. |
||
| 700 | 1 |
_aLator Ros, Alejandro Esteban. _970527 |
|
| 852 |
_aES-MaACL _jC-48523 _bR.71391 |
||
| 999 |
_c49130 _d49130 |
||